[Event "Ostrava op-B"]
[Site "Ostrava"]
[Date "2003.05.05"]
[Round "4"]
[White "Sikula, Zdenek"]
[Black "Klecka, Ivo"]
[Result "1-0"]
[WhiteElo "1282"]
[BlackElo "1657"]
[PlyCount "47"]
[EventDate "2003.05.03"]
[EventType "swiss"]
[EventRounds "10"]
[EventCountry "CZE"]
[SourceTitle "EXT 2006"]
[Source "ChessBase"]
[SourceDate "2005.11.24"]
[SourceVersion "1"]
[SourceVersionDate "2005.11.24"]
[SourceQuality "1"]

1. e4 e5 2. f4 d5 3. exd5 Qxd5 4. Nc3 Qe6 5. Nf3 Nf6 6. fxe5 Nbd7 7. d4 Bb4 8. Bd3 Nd5 9. Bd2 Bxc3 10. bxc3 f5 11. c4 N5f6 12. d5 Nxd5 13. cxd5 Qxd5 14. 0-0 0-0 15. Qe2 Nb6 16. Rab1 Qc6 17. Bb4 Re8 18. Bb5 Qe6 19. Bxe8 Qxe8 20. Nd4 Qg6 21. e6 Nd5 22. Rxf5 Nxb4 23. Rxb4 b6 24. Qf3 1-0

[Event "Ostrava op-B"]
[Site "Ostrava"]
[Date "2003.05.04"]
[Round "2"]
[White "Sikula, Zdenek"]
[Black "Sudolsky, Jan"]
[Result "0-1"]
[WhiteElo "1282"]
[BlackElo "1678"]
[PlyCount "58"]
[EventDate "2003.05.03"]
[EventType "swiss"]
[EventRounds "10"]
[EventCountry "CZE"]
[SourceTitle "EXT 2006"]
[Source "ChessBase"]
[SourceDate "2005.11.24"]
[SourceVersion "1"]
[SourceVersionDate "2005.11.24"]
[SourceQuality "1"]

1. e4 e6 2. d4 d5 3. exd5 exd5 4. c4 Bb4+ 5. Bd2 Qe7+ 6. Ne2 dxc4 7. Qa4+ Nc6 8. d5 Bxd2+ 9. Nxd2 Qb4 10. Qc2 Nce7 11. Nd4 Nf6 12. Bxc4 Nfxd5 13. 0-0 0-0 14. Rad1 Bg4 15. f3 Ne3 16. Qe4 Nxd1 17. Rxd1 Bh5 18. Ne6 Bg6 19. Qg4 Qb6+ 20. Kh1 fxe6 21. Nb3 Bf5 22. Qg5 Qb4 23. Qh4 Kh8 24. Rd7 Rad8 25. Rxd8 Rxd8 26. Qf2 Rd1+ 27. Bf1 Bd3 28. Nd2 Qxd2 29. Qxd2 Rxf1# 0-1